000 00325nam a22001337a 4500
008 181121b xxu||||| |||| 00| 0 eng d
020 _a9780130416704
041 _aeng
080 _23 th
_a710
100 _a44
101 _aARK
245 _aPlanning Performing And Controlling Projecte
_cAngue.R.B
942 _2udc
_cBK
999 _c52305
_d52305